[Event "Ketrzyn op-A 12th"]
[Site "Ketrzyn"]
[Date "2009.12.30"]
[Round "8"]
[White "Szymczak, Zbigniew"]
[Black "Piesik, Piotr"]
[Result "1/2-1/2"]
[WhiteElo "2280"]
[BlackElo "2270"]
[PlyCount "110"]
[EventDate "2009.12.27"]
[EventType "swiss"]
[EventRounds "9"]
[EventCountry "POL"]
[SourceTitle "CBM 134 Extra"]
[Source "ChessBase"]
[SourceDate "2010.03.03"]
[SourceVersion "1"]
[SourceVersionDate "2010.03.03"]
[SourceQuality "1"]

1. d4 d5 2. c4 dxc4 3. Nf3 Nf6 4. e3 e6 5. Bxc4 c5 6. 0-0 a6 7. Qe2 b5 8. Bb3 Bb7 9. Nc3 Nbd7 10. Rd1 Qb6 11. a4 c4 12. Bc2 b4 13. a5 Qc7 14. Na4 Ne4 15. Nb6 Nxb6 16. axb6 Qxb6 17. Qxc4 Bd6 18. Ne5 Rc8 19. Ba4+ Ke7 20. Qe2 Bxe5 21. dxe5 Rhd8 22. f3 Nc5 23. Bc2 Rxd1+ 24. Bxd1 a5 25. e4 Ba6 26. Qf2 Qb5 27. Be3 h6 28. Be2 Qxe2 29. Bxc5+ Ke8 30. Qxe2 Bxe2 31. Rxa5 b3 32. Kf2 Bc4 33. Ke3 Bf1 34. g3 g6 35. Kd4 Kd7 36. Ra3 Kc6 37. Rxb3 Ra8 38. Bd6 Ra7 39. Rc3+ Kb5 40. Rc5+ Kb6 41. Rc1 Ra4+ 42. Ke3 Bb5 43. Rc7 Ra7 44. Rxa7 Kxa7 45. Bf8 h5 46. g4 Kb6 47. Kf4 Be2 48. Kg5 Bxf3 49. Kf6 Bxg4 50. Kxf7 h4 51. Kxg6 h3 52. Kg5 Bf3 53. Kf4 Bg2 54. Ke3 Kb5 55. Kd4 Bf3 1/2-1/2

[Event "Ketrzyn op-A 12th"]
[Site "Ketrzyn"]
[Date "2009.12.28"]
[Round "3"]
[White "Szymczak, Zbigniew"]
[Black "Renkowski, Piotr"]
[Result "1/2-1/2"]
[WhiteElo "2280"]
[BlackElo "1793"]
[PlyCount "140"]
[EventDate "2009.12.27"]
[EventType "swiss"]
[EventRounds "9"]
[EventCountry "POL"]
[SourceTitle "CBM 134 Extra"]
[Source "ChessBase"]
[SourceDate "2010.03.03"]
[SourceVersion "1"]
[SourceVersionDate "2010.03.03"]
[SourceQuality "1"]

1. Nf3 Nf6 2. c4 c5 3. Nc3 d6 4. g3 g6 5. Bg2 Bg7 6. 0-0 0-0 7. d4 cxd4 8. Nxd4 Nbd7 9. b3 Nb6 10. a4 Ne8 11. a5 Nd7 12. Be3 Nc7 13. a6 Nc5 14. axb7 Bxb7 15. Bxb7 Nxb7 16. Qc2 Qd7 17. Rfd1 Rfc8 18. Ra2 a5 19. Na4 Nd5 20. Qd2 Nxe3 21. Qxe3 Qd8 22. Rad2 Nc5 23. Nxc5 Rxc5 24. Ne6 Re5 25. Qxe5 Bxe5 26. Nxd8 Rxd8 27. Rd5 Bc3 28. R1d3 Bb4 29. e4 Rc8 30. Kf1 Kf8 31. Rb5 Kg7 32. Ke2 Kf6 33. f4 Ke6 34. Rdd5 Rc7 35. g4 Kd7 36. Rb8 h6 37. Rdb5 Ke6 38. Rh8 Bc3 39. Rxh6 a4 40. Kd3 a3 41. f5+ Kf6 42. Rh8 a2 43. Ra8 a1Q 44. Rxa1 Bxa1 45. h4 Be5 46. Rb8 Ra7 47. Rg8 gxf5 48. exf5 Ra3 49. Ke4 e6 50. g5+ Ke7 51. f6+ Bxf6 52. gxf6+ Kxf6 53. Rg3 Ra5 54. b4 Rh5 55. Rg4 d5+ 56. Kd4 dxc4 57. Kxc4 Ke7 58. b5 Kd6 59. Kb4 Kc7 60. Ka5 Kb7 61. Rg7 Rxh4 62. Rxf7+ Kb8 63. Kb6 Rh8 64. Re7 Rg8 65. Rxe6 Rf8 66. Ka6 Rh8 67. Rb6+ Ka8 68. Rb7 Rf8 69. b6 Rg8 70. Rh7 Re8 1/2-1/2

[Event "POL-chT 1st League"]
[Site "Ustron"]
[Date "2009.09.16"]
[Round "5"]
[White "Szymczak, Zbigniew"]
[Black "Kaim, Piotr"]
[Result "0-1"]
[WhiteElo "2293"]
[BlackElo "2242"]
[PlyCount "90"]
[EventDate "2009.09.12"]
[EventType "team-swiss"]
[EventRounds "9"]
[EventCountry "POL"]
[SourceTitle "CBM 132 Extra"]
[Source "ChessBase"]
[SourceDate "2009.11.03"]
[SourceVersion "1"]
[SourceVersionDate "2009.11.03"]
[SourceQuality "1"]
[WhiteTeam "Grudziadz Rotmistrz"]
[BlackTeam "Warszawa YMCA"]
[WhiteTeamCountry "POL"]
[BlackTeamCountry "POL"]

1. Nf3 Nf6 2. c4 g6 3. Nc3 Bg7 4. e4 0-0 5. d4 c5 6. Be2 d6 7. 0-0 Na6 8. d5 e6 9. Bf4 Qb6 10. Qb3 Qxb3 11. axb3 e5 12. Bg5 Bd7 13. Rac1 Nb4 14. Ne1 a5 15. Nc2 Nxc2 16. Rxc2 h6 17. Bd2 Ne8 18. Nd1 Nf6 19. Bf3 b6 20. Ne3 Kh7 21. h4 Rab8 22. g3 Ne8 23. h5 Nf6 24. hxg6+ fxg6 25. Kg2 Rf7 26. Rh1 Rbf8 27. Bc1 a4 28. bxa4 Bxa4 29. Rc3 b5 30. Ra3 Nd7 31. Bg4 Rxf2+ 32. Kg1 Nb6 33. b3 b4 34. Rxa4 Nxa4 35. bxa4 Ra2 36. Bd7 b3 37. a5 Rff2 38. Nd1 Rg2+ 39. Kf1 Rgc2 40. Bb2 Rxa5 41. Rg1 Bf6 42. Rg2 Bg5 43. Bg4 Ra2 44. Re2 Bc1 45. Bxc1 Rxc1 0-1

[Event "POL-chT 1st League"]
[Site "Ustron"]
[Date "2009.09.13"]
[Round "2"]
[White "Praszak, Michal"]
[Black "Szymczak, Zbigniew"]
[Result "1-0"]
[WhiteElo "2262"]
[BlackElo "2293"]
[PlyCount "95"]
[EventDate "2009.09.12"]
[EventType "team-swiss"]
[EventRounds "9"]
[EventCountry "POL"]
[SourceTitle "CBM 132 Extra"]
[Source "ChessBase"]
[SourceDate "2009.11.03"]
[SourceVersion "1"]
[SourceVersionDate "2009.11.03"]
[SourceQuality "1"]
[WhiteTeam "Lublin Drakon SKOK Chmielewskiego"]
[BlackTeam "Grudziadz Rotmistrz"]
[WhiteTeamCountry "POL"]
[BlackTeamCountry "POL"]

1. d4 g6 2. c4 Bg7 3. Nf3 Nf6 4. Nc3 d6 5. e4 Bg4 6. Be2 0-0 7. Be3 Nfd7 8. Nd2 Bxe2 9. Nxe2 c5 10. 0-0 cxd4 11. Nxd4 Nc6 12. N2f3 Qa5 13. Nxc6 bxc6 14. Bd4 Bxd4 15. Qxd4 Qc5 16. Qc3 a5 17. Rfe1 Ne5 18. Rac1 Nxf3+ 19. Qxf3 Rab8 20. b3 a4 21. Rc3 axb3 22. axb3 Ra8 23. Rce3 e5 24. Qf6 Qd4 25. h4 Rfe8 26. Rg3 Qd2 27. Rf1 Re6 28. Qf3 Qf4 29. Qxf4 exf4 30. Rd3 Rxe4 31. Rxd6 Rb8 32. Rd3 Ra8 33. Rfd1 Re2 34. R3d2 Rae8 35. Rxe2 Rxe2 36. Rd8+ Kg7 37. Rc8 Rb2 38. Rxc6 Rxb3 39. Kf1 f3 40. gxf3 Rxf3 41. Kg2 Rc3 42. f3 h5 43. Kg3 Rc1 44. c5 Rg1+ 45. Kf2 Rc1 46. Kg2 Rc4 47. Kg3 Rc1 48. Rc8 1-0

[Event "POL-chT 2nd League"]
[Site "Ustron"]
[Date "2008.09.08"]
[Round "3.21"]
[White "Komorzycki, Jakub"]
[Black "Szymczak, Zbigniew"]
[Result "0-1"]
[WhiteElo "2139"]
[BlackElo "2295"]
[PlyCount "73"]
[EventDate "2008.09.06"]
[EventType "team-swiss"]
[EventRounds "9"]
[EventCountry "POL"]
[SourceTitle "EXT 2015"]
[Source "ChessBase"]
[SourceDate "2014.11.20"]
[SourceVersion "1"]
[SourceVersionDate "2014.11.20"]
[SourceQuality "1"]
[WhiteTeam "Deblin Czarni"]
[BlackTeam "Grudziadz Rotmistrz MAT Premium"]
[WhiteTeamCountry "POL"]
[BlackTeamCountry "POL"]

1. Nf3 g6 2. d4 Bg7 3. e4 d6 4. Bb5+ c6 5. Be2 Nf6 6. Nc3 0-0 7. Bf4 Nbd7 8. e5 dxe5 9. Nxe5 Nxe5 10. Bxe5 Qb6 11. Na4 Qa5+ 12. c3 Bh6 13. 0-0 Nd5 14. Nc5 Qd8 15. Bf3 b6 16. Nd3 Ba6 17. Re1 Rc8 18. h4 e6 19. h5 c5 20. hxg6 hxg6 21. Re4 c4 22. Nf4 Bxf4 23. Rxf4 Nxf4 24. Bxf4 Qd7 25. Bh6 Rfe8 26. Qe2 Kh7 27. Bg5 Bb7 28. Bf6 Bxf3 29. gxf3 Qd5 30. Kg2 g5 31. Rh1+ Kg6 32. Be5 g4 33. Qd2 Qxf3+ 34. Kg1 Kf5 35. Rh5+ Ke4 36. Bf6 e5 37. dxe5 0-1

[Event "Ostroda op"]
[Site "Ostroda"]
[Date "2008.08.10"]
[Round "9"]
[White "Janocha, Wieslaw Adam"]
[Black "Szymczak, Zbigniew"]
[Result "1-0"]
[WhiteElo "2278"]
[BlackElo "2295"]
[PlyCount "59"]
[EventDate "2008.08.04"]
[EventType "swiss"]
[EventRounds "9"]
[EventCountry "POL"]
[SourceTitle "CBM 126 Extra"]
[Source "ChessBase"]
[SourceDate "2008.11.05"]
[SourceVersion "1"]
[SourceVersionDate "2008.11.05"]
[SourceQuality "1"]

1. e4 g6 2. d4 Bg7 3. Nc3 d6 4. f4 a6 5. Nf3 b5 6. Bd3 Bb7 7. e5 Nd7 8. Ne4 c5 9. c3 cxd4 10. cxd4 Qb6 11. Qe2 Nh6 12. Be3 Nf5 13. Bf2 Qa5+ 14. Nfd2 d5 15. Ng5 Nf8 16. Bxf5 gxf5 17. Qh5 Ng6 18. e6 fxe6 19. Nxh7 Kf7 20. Ng5+ Kf6 21. Qe2 Qb6 22. h4 Qd6 23. g3 Bh6 24. Ndf3 Bxg5 25. fxg5+ Kg7 26. 0-0-0 b4 27. h5 Rhc8+ 28. Kb1 Nf8 29. Ne5 a5 30. h6+ 1-0

[Event "Ostroda op"]
[Site "Ostroda"]
[Date "2008.08.07"]
[Round "6"]
[White "Musialkiewicz, Pawel"]
[Black "Szymczak, Zbigniew"]
[Result "1/2-1/2"]
[WhiteElo "1854"]
[BlackElo "2295"]
[PlyCount "109"]
[EventDate "2008.08.04"]
[EventType "swiss"]
[EventRounds "9"]
[EventCountry "POL"]
[SourceTitle "CBM 126 Extra"]
[Source "ChessBase"]
[SourceDate "2008.11.05"]
[SourceVersion "1"]
[SourceVersionDate "2008.11.05"]
[SourceQuality "1"]

1. d4 g6 2. c4 Bg7 3. Nc3 c5 4. d5 Bxc3+ 5. bxc3 f5 6. g3 Nf6 7. Bg2 Qa5 8. Qb3 0-0 9. Nh3 e5 10. 0-0 Kg7 11. e4 fxe4 12. Ng5 b6 13. Nxe4 Nxe4 14. Bxe4 d6 15. Bg5 Bh3 16. Bg2 Bxg2 17. Kxg2 Rf7 18. Qc2 Nd7 19. Qd2 Qa4 20. Bh6+ Kg8 21. Qe2 Re8 22. f4 e4 23. f5 Ne5 24. fxg6 hxg6 25. Qxe4 Rxf1 26. Kxf1 b5 27. Qf4 Qxc4+ 28. Qxc4 Nxc4 29. a4 b4 30. cxb4 cxb4 31. Rc1 Rc8 32. Ke2 Kf7 33. a5 Ke7 34. Bd2 b3 35. Rb1 Nxd2 36. Kxd2 Rc5 37. Rxb3 Rxd5+ 38. Kc3 Rxa5 39. Rb8 Ra2 40. Rg8 Kf7 41. Rd8 Rxh2 42. Rxd6 Rg2 43. Rd7+ Kf6 44. Rxa7 Kf5 45. Kd3 Kg4 46. Ke3 g5 47. Rg7 Rxg3+ 48. Kf2 Ra3 49. Kg2 Ra2+ 50. Kg1 Kf4 51. Rb7 g4 52. Rb3 Kg5 53. Rb5+ Kh4 54. Rb3 g3 55. Rb8 1/2-1/2

[Event "Guben op 11th"]
[Site "Guben"]
[Date "2008.01.07"]
[Round "7"]
[White "Szymczak, Zbigniew"]
[Black "Kalinitschew, Sergey"]
[Result "1/2-1/2"]
[WhiteElo "2294"]
[BlackElo "2489"]
[PlyCount "107"]
[EventDate "2008.01.02"]
[EventType "swiss"]
[EventRounds "9"]
[EventCountry "GER"]
[SourceTitle "CBM 122 Extra"]
[Source "ChessBase"]
[SourceDate "2008.03.04"]
[SourceVersion "1"]
[SourceVersionDate "2008.03.04"]
[SourceQuality "1"]

1. d4 Nf6 2. c4 e6 3. Nf3 b6 4. g3 Ba6 5. b3 Bb4+ 6. Bd2 Be7 7. Bg2 d5 8. Ne5 c6 9. 0-0 0-0 10. Bc3 Nfd7 11. Nxd7 Nxd7 12. Nd2 f5 13. Bb2 Rc8 14. Rc1 Bd6 15. Nf3 Qe7 16. Ne1 Rfd8 17. Nd3 Nf6 18. Qc2 Ne4 19. Rfd1 h5 20. Ne5 Qf6 21. f3 Ng5 22. h4 Nh7 23. f4 Qe7 24. e3 Nf6 25. Qe2 Bxe5 26. dxe5 Ng4 27. Bf3 Rc7 28. Qd2 Rcd7 29. cxd5 Rxd5 30. Bxd5 Rxd5 31. Qc3 Qd7 32. Rxd5 Qxd5 33. Qxc6 Qd3 34. Qe8+ Kh7 35. Qxh5+ Nh6 36. Bd4 Bb7 37. Rc7 Bd5 38. Rxa7 Qd2 39. Kf1 Bg2+ 40. Kg1 Bd5 41. Kf1 Kg8 42. Qe8+ Kh7 43. Qh5 Bg2+ 44. Kg1 Be4 45. Rxg7+ Kxg7 46. Qg5+ Kh7 47. Qe7+ Kg8 48. Qg5+ Kh7 49. Qe7+ Kh8 50. Qf6+ Kh7 51. Qe7+ Kg8 52. Qg5+ Kh7 53. Qe7+ Kg8 54. Qg5+ 1/2-1/2

[Event "Guben op 11th"]
[Site "Guben"]
[Date "2008.01.05"]
[Round "5"]
[White "Szymczak, Zbigniew"]
[Black "Ivanov, Mikhail M"]
[Result "0-1"]
[WhiteElo "2294"]
[BlackElo "2483"]
[PlyCount "91"]
[EventDate "2008.01.02"]
[EventType "swiss"]
[EventRounds "9"]
[EventCountry "GER"]
[SourceTitle "CBM 122 Extra"]
[Source "ChessBase"]
[SourceDate "2008.03.04"]
[SourceVersion "1"]
[SourceVersionDate "2008.03.04"]
[SourceQuality "1"]

1. d4 f5 2. Bg5 c6 3. c3 Qb6 4. Qc2 d5 5. e3 e6 6. Bd3 c5 7. Nd2 Nc6 8. g4 c4 9. Be2 Be7 10. Nh3 Bxg5 11. Nxg5 Qd8 12. f4 Nf6 13. 0-0-0 b5 14. Rhg1 Qe7 15. Bf3 Bd7 16. Rde1 0-0 17. gxf5 exf5 18. Nf1 b4 19. Ng3 Ne4 20. N5xe4 dxe4 21. Be2 Na5 22. cxb4 Qxb4 23. Qc3 Qxc3+ 24. bxc3 Rab8 25. Bd1 Rb6 26. Bc2 Kf7 27. Kd2 Rb2 28. Ra1 Ba4 29. Rgc1 Ke6 30. Kd1 Bxc2+ 31. Rxc2 Rfb8 32. Kd2 R2b5 33. Rg1 Nc6 34. Nh1 Kf6 35. Ng3 g6 36. h4 Ne7 37. h5 Nd5 38. hxg6 hxg6 39. Rh1 Rb2 40. Rhc1 a5 41. Nf1 R2b7 42. Re1 a4 43. Kc1 Rb1+ 44. Kd2 Rxe1 45. Kxe1 Rb1+ 46. Ke2 0-1

[Event "Ketrzyn op"]
[Site "Ketrzyn"]
[Date "2007.12.30"]
[Round "8"]
[White "Szymczak, Zbigniew"]
[Black "Flak, Pawel"]
[Result "1-0"]
[WhiteElo "2290"]
[BlackElo "2141"]
[PlyCount "61"]
[EventDate "2007.12.27"]
[EventType "swiss"]
[EventRounds "9"]
[EventCountry "POL"]
[SourceTitle "CBM 122 Extra"]
[Source "ChessBase"]
[SourceDate "2008.03.04"]
[SourceVersion "1"]
[SourceVersionDate "2008.03.04"]
[SourceQuality "1"]

1. d4 b6 2. c4 Bb7 3. Nc3 Nf6 4. Nf3 e6 5. a3 Be7 6. d5 exd5 7. cxd5 0-0 8. e4 Re8 9. Be2 Bd6 10. Nd2 Qe7 11. 0-0 Be5 12. Bf3 Ba6 13. Re1 Bxc3 14. bxc3 Nxd5 15. Nf1 Qe5 16. Qd2 Qxc3 17. Qxd5 c6 18. Qd2 Qxa1 19. Bb2 Qa2 20. Ng3 Qe6 21. Nf5 f6 22. Bg4 Qf7 23. Nd6 Qf8 24. Nxe8 Qxe8 25. e5 f5 26. Bxf5 Bc4 27. e6 Bxe6 28. Qg5 Qf8 29. Rxe6 g6 30. Rxg6+ Kf7 31. Rf6+ 1-0

[Event "POL-chT1"]
[Site "Chotowa"]
[Date "2007.09.10"]
[Round "8"]
[White "Szymczak, Zbigniew"]
[Black "Fraczek, Daniel"]
[Result "1/2-1/2"]
[WhiteElo "2305"]
[BlackElo "2334"]
[PlyCount "102"]
[EventDate "2007.09.03"]
[EventType "team"]
[EventRounds "9"]
[EventCountry "POL"]
[SourceTitle "EXT 2009"]
[Source "ChessBase"]
[SourceDate "2008.11.26"]
[SourceVersion "1"]
[SourceVersionDate "2008.11.26"]
[SourceQuality "1"]

1. d4 Nf6 2. c4 g6 3. Nc3 Bg7 4. Nf3 0-0 5. Bg5 h6 6. Bh4 d6 7. e3 g5 8. Bg3 Nh5 9. Be2 e6 10. Nd2 Nxg3 11. hxg3 Nd7 12. g4 c5 13. Qc2 cxd4 14. exd4 Nf6 15. 0-0-0 Bd7 16. Nf1 Rc8 17. Ne3 a6 18. Kb1 b5 19. Qb3 bxc4 20. Nxc4 Bc6 21. Bf3 Qc7 22. Bxc6 Qxc6 23. Ne3 Rb8 24. Qc2 Rfc8 25. Rc1 Qb7 26. f3 Nd7 27. Ned1 Qb4 28. Qd2 Qxd4 29. Qxd4 Bxd4 30. Rxh6 Nf6 31. Rh1 Kg7 32. Re1 d5 33. Re2 Rh8 34. Nf2 Rbc8 35. Nd3 Nd7 36. Rec2 Rh2 37. Ne2 Rxc2 38. Rxc2 Bb6 39. Ng3 Kf6 40. b4 Ke7 41. a4 Kd6 42. Ka2 Bd4 43. Ne2 Be3 44. Ng3 Bd4 45. Ne2 Be3 46. Ng3 Rh8 47. Nf1 Bd4 48. Nd2 Be3 49. Nb3 Bb6 50. Nbc5 Bxc5 51. Nxc5 Nxc5 1/2-1/2

[Event "POL-chT1"]
[Site "Chotowa"]
[Date "2007.09.06"]
[Round "4"]
[White "Szymczak, Zbigniew"]
[Black "Matras Clement, Agnieszka"]
[Result "1-0"]
[WhiteElo "2305"]
[BlackElo "2233"]
[PlyCount "85"]
[EventDate "2007.09.03"]
[EventType "team"]
[EventRounds "9"]
[EventCountry "POL"]
[SourceTitle "EXT 2009"]
[Source "ChessBase"]
[SourceDate "2008.11.26"]
[SourceVersion "1"]
[SourceVersionDate "2008.11.26"]
[SourceQuality "1"]

1. d4 d5 2. c4 c6 3. Nf3 Nf6 4. Qc2 dxc4 5. Qxc4 Bf5 6. g3 e6 7. Bg2 Nbd7 8. 0-0 Be7 9. Nc3 0-0 10. Re1 Ne4 11. Qb3 Qb6 12. Nh4 Bxh4 13. gxh4 Ndf6 14. f3 Nxc3 15. bxc3 Qc7 16. e4 Bg6 17. Be3 Nh5 18. e5 c5 19. Qc4 Rac8 20. f4 b5 21. Qe2 cxd4 22. cxd4 Qe7 23. Qg4 Rc2 24. d5 f5 25. Qd1 Rxg2+ 26. Kxg2 exd5 27. Qxd5+ Bf7 28. Qf3 Qxh4 29. Red1 Bc4 30. Rd4 g5 31. fxg5 f4 32. Kh1 Be2 33. Qg2 Bg4 34. Bf2 Ng3+ 35. Bxg3 fxg3 36. h3 Qxh3+ 37. Qxh3 Bxh3 38. Rg1 Rf3 39. Rd8+ Kg7 40. Ra8 Ra3 41. Rb8 a6 42. Rb6 Bf5 43. Rc1 1-0

[Event "POL-chT1"]
[Site "Chotowa"]
[Date "2007.09.05"]
[Round "3"]
[White "Dudzinski, Pawel"]
[Black "Szymczak, Zbigniew"]
[Result "1/2-1/2"]
[WhiteElo "2228"]
[BlackElo "2305"]
[PlyCount "47"]
[EventDate "2007.09.03"]
[EventType "team"]
[EventRounds "9"]
[EventCountry "POL"]
[SourceTitle "EXT 2009"]
[Source "ChessBase"]
[SourceDate "2008.11.26"]
[SourceVersion "1"]
[SourceVersionDate "2008.11.26"]
[SourceQuality "1"]

1. e4 g6 2. Nc3 Bg7 3. g3 c5 4. Bg2 Nc6 5. d3 d6 6. Be3 e5 7. f4 exf4 8. Bxf4 Nge7 9. Nge2 0-0 10. Qd2 Be6 11. Bh6 d5 12. Bxg7 Kxg7 13. exd5 Nxd5 14. 0-0 Nd4 15. Nxd5 Bxd5 16. Nxd4 cxd4 17. Rae1 Bxg2 18. Qxg2 Qd7 19. Re4 Rfe8 20. Rfe1 Rac8 21. Qf2 Rxe4 22. Rxe4 Rd8 23. a3 b6 24. Qf4 1/2-1/2

[Event "POL-chT1"]
[Site "Chotowa"]
[Date "2007.09.03"]
[Round "1"]
[White "Dobrowolski, Aleksander"]
[Black "Szymczak, Zbigniew"]
[Result "1/2-1/2"]
[WhiteElo "2338"]
[BlackElo "2305"]
[PlyCount "36"]
[EventDate "2007.09.03"]
[EventType "team"]
[EventRounds "9"]
[EventCountry "POL"]
[SourceTitle "EXT 2009"]
[Source "ChessBase"]
[SourceDate "2008.11.26"]
[SourceVersion "1"]
[SourceVersionDate "2008.11.26"]
[SourceQuality "1"]

1. e4 c5 2. Nf3 d6 3. d4 Nf6 4. Nc3 cxd4 5. Nxd4 Nc6 6. Bg5 e6 7. Qd2 a6 8. 0-0-0 h6 9. Nxc6 bxc6 10. Bf4 d5 11. Qe3 Be7 12. Be2 Qa5 13. Qg3 dxe4 14. Qxg7 Rg8 15. Qxh6 Rg6 16. Qh8+ Rg8 17. Qh6 Rg6 18. Qh8+ Rg8 1/2-1/2

[Event "Pieczyska op"]
[Site "Pieczyska"]
[Date "2007.06.27"]
[Round "7"]
[White "Olszewski, Marek"]
[Black "Szymczak, Zbigniew"]
[Result "1/2-1/2"]
[WhiteElo "2049"]
[BlackElo "2300"]
[PlyCount "31"]
[EventDate "2007.06.23"]
[EventType "swiss"]
[EventRounds "9"]
[EventCountry "POL"]
[SourceTitle "EXT 2008"]
[Source "ChessBase"]
[SourceDate "2007.11.25"]
[SourceVersion "1"]
[SourceVersionDate "2007.11.25"]
[SourceQuality "1"]

1. e4 g6 2. d4 Bg7 3. Nc3 d6 4. Nf3 Nf6 5. Be2 0-0 6. 0-0 c6 7. h3 Nbd7 8. e5 dxe5 9. dxe5 Nd5 10. Nxd5 cxd5 11. Bf4 Nc5 12. Qc1 Ne6 13. Bh6 Qc7 14. Bxg7 Kxg7 15. c3 b6 16. Qe3 1/2-1/2

[Event "Pieczyska op"]
[Site "Pieczyska"]
[Date "2007.06.27"]
[Round "6"]
[White "Szymczak, Zbigniew"]
[Black "Zolnierowicz, Krzysztof"]
[Result "1/2-1/2"]
[WhiteElo "2300"]
[BlackElo "2253"]
[PlyCount "22"]
[EventDate "2007.06.23"]
[EventType "swiss"]
[EventRounds "9"]
[EventCountry "POL"]
[SourceTitle "EXT 2008"]
[Source "ChessBase"]
[SourceDate "2007.11.25"]
[SourceVersion "1"]
[SourceVersionDate "2007.11.25"]
[SourceQuality "1"]

1. e4 d5 2. exd5 Nf6 3. d4 Nxd5 4. Nf3 g6 5. Be2 Bg7 6. 0-0 0-0 7. Na3 Nc6 8. Nc4 Nb6 9. c3 Nxc4 10. Bxc4 e5 11. Bg5 Qd6 1/2-1/2

[Event "Pieczyska op"]
[Site "Pieczyska"]
[Date "2007.06.26"]
[Round "5"]
[White "Jaroch, Pawel"]
[Black "Szymczak, Zbigniew"]
[Result "1/2-1/2"]
[WhiteElo "2300"]
[BlackElo "2173"]
[PlyCount "73"]
[EventDate "2007.06.23"]
[EventType "swiss"]
[EventRounds "9"]
[EventCountry "POL"]
[SourceTitle "EXT 2008"]
[Source "ChessBase"]
[SourceDate "2007.11.25"]
[SourceVersion "1"]
[SourceVersionDate "2007.11.25"]
[SourceQuality "1"]

1. e4 c5 2. Nf3 e6 3. d4 Nf6 4. Nc3 cxd4 5. Nxd4 Nc6 6. Bg5 d6 7. Qd2 a6 8. 0-0-0 h6 9. Bxf6 Qxf6 10. Kb1 Nxd4 11. Qxd4 Qxd4 12. Rxd4 Bd7 13. Bc4 Be7 14. Bb3 Bc6 15. f3 0-0 16. Rhd1 Rfd8 17. R4d3 Rac8 18. a4 Be8 19. Ne2 Rc5 20. Rc3 Rdc8 21. Rdd3 Bf6 22. Rxc5 dxc5 23. c4 Kf8 24. Bc2 Bc6 25. b3 g5 26. Kc1 Ke7 27. Kd2 Be5 28. g3 Rh8 29. Ke3 h5 30. Rd1 Bc7 31. f4 Rg8 32. Rg1 h4 33. e5 hxg3 34. hxg3 f6 35. exf6+ Kxf6 36. Be4 gxf4+ 37. gxf4 1/2-1/2